000 00647nam a22002057a 4500
005 20241130103505.0
008 241130b |||||||| |||| 00| 0 eng d
020 _a0131292544
050 _aQD33.2
_bP21
100 _aParry, Robert W.
245 _aChemistry/
_bexperimental foundations
_cRobert W. Parry, Herb Bassow, Phyllis Merrill & Robert L. Tellefsen
250 _a3rd ed.
260 _aEnglewood Cliffs, New Jersey
_bPrentice Hall, INC.
_c1982
300 _a672p.
_bill. some color
_c26cm
650 _2Chemistry
700 _aBassow, Herb
700 _aMerrill, Phyllis
700 _aTellefsen, Robert L.
942 _2lcc
_cBK
_e3rd ed.
_n0
999 _c1816
_d1816